Name similes Quiz Stats

 Plays Quiz not verified by Sporcle

Support Sporcle.
Go Orange.
Score 0/15 Timer 06:00
0 Plays Today
Simile Title % Correct
Mini MaidensLittle Women
87.5%
The cat, the sorceress and the closetThe Lion, the witch and the wardrobe
81.3%
King of the wedding bandsLord of the Rings
75%
Dignity and BigotryPride and Prejudice
75%
Everything's good that finishes goodAll's well that ends well
71.9%
The Cup of FlamesThe Goblet of Fire
59.4%
The Starving ContestsThe Hunger Games
53.1%
Family member Thomas' HutUncle Tom's Cabin
50%
Simile Title % Correct
(Name) listens to a whatHorton hears a who
43.8%
Small scarlet mounting headscarfLittle Red Riding Hood
31.3%
Small dwelling on the PlainsLittle House on the Praire
28.1%
The small, red flowerThe Scarlet Pimpernel
25%
Wonderful Sir CanineFantastic Mr. Fox
25%
More than four kids and the thingFive Children and It
21.9%
Blueberry FlipperHuckleberry Finn
9.4%

You're not logged in!

Compare scores with friends on all Sporcle quizzes.
OR
Log In

From the Vault

Which of the Two... Colors

by Purple_Parrot

You might be picking between two things, but this quiz isn't so black and white.
Remove Ads.
Support Sporcle.
Get the best of Sporcle when you Go Orange. This ad-free experience offers more features, more stats, and more fun while also helping to support Sporcle. Thank you for becoming a member.

Show Comments

Extras

Created Feb 5, 2011ReportNominate
Tags:Book Quiz, simile

Top Quizzes Today


Score Distribution

Your Account Isn't Verified!

In order to create a playlist on Sporcle, you need to verify the email address you used during registration. Go to your Sporcle Settings to finish the process.

Report this User

Report this user for behavior that violates our Community Guidelines.

Details: